| 000 | 01512cam a2200373 i 4500 | ||
|---|---|---|---|
| 001 | 22083755 | ||
| 005 | 20250328093857.0 | ||
| 008 | 210617t 2022enka b 001 0 eng | ||
| 010 | _a 2021941450 | ||
| 020 |
_a9780198867883 _q(paperback) |
||
| 040 |
_aDLC _beng _erda _cDLC |
||
| 042 | _apcc | ||
| 043 | _ae-uk--- | ||
| 050 | 0 | 0 |
_aKD3930 _b.A948 2022 |
| 082 |
_a342.06 _bTHO |
||
| 100 | 1 |
_aThompson, Brian, _d1955- _eauthor. _985545 |
|
| 245 | 1 | 0 |
_aCases & materials on constitutional & administrative law / _cBrian Thompson, LLB, MLitt; Michael Gordon, MA, PhD. |
| 246 | 3 | 0 | _aConstitutional & administrative law |
| 246 | 3 | _aCases and materials on constitutional and administrative law | |
| 250 | _aThirteenth edition. | ||
| 264 | 1 |
_aOxford, United Kingdom : _bOxford University Press, _c[2022] |
|
| 300 |
_axi, 694 pages ; _c25 cm |
||
| 336 |
_atext _btxt _2rdacontent |
||
| 337 |
_aunmediated _bn _2rdamedia |
||
| 338 |
_avolume _bnc _2rdacarrier |
||
| 504 | _aIncludes bibliographical references and index. | ||
| 650 | 0 |
_aAdministrative law _zGreat Britain _vCases. _9128562 |
|
| 650 | 0 |
_aConstitutional law _zGreat Britain _vCases. _9128563 |
|
| 700 | 1 |
_aGordon, Michael _q(Michael J.), _eauthor. _9128564 |
|
| 700 | 1 |
_aTucker, Adam _c(Law teacher), _eauthor. _9128565 |
|
| 906 |
_a7 _bcbc _corigcop _d2 _eepcn _f20 _gy-gencatlg |
||
| 942 |
_2ddc _cBK |
||
| 999 |
_c613497 _d613497 |
||